| 000 | 00734cab a22002055a 4500 | ||
|---|---|---|---|
| 001 | L153961 | ||
| 008 | 110927e20110917xxk 000 0 eng d | ||
| 035 | _a(Sirsi) u153961 | ||
| 041 | 0 | _aeng | |
| 100 | 1 | _aWoodman, John | |
| 245 | 0 | 0 | _aIn need of tender loving repair |
| 260 | _c2011 | ||
| 490 |
_aEstates Gazette _v(1137) 17 September 2011, 106-107(2) |
||
| 520 | _aAdvice on lease renewals. Stresses the importance of the physical state of the premises already occupied when parties renew their leases as there is an ever present risk of a dilapidations claim. | ||
| 590 | _aKA | ||
| 651 | 4 |
_aEngland and Wales _y1543- |
|
| 690 | _aPROPERTY-LANDLORD AND TENANT-LEASES-LEASE RENEWAL | ||
| 700 | 1 | _aKing, Vivien | |
| 942 | _n0 | ||
| 999 |
_c83430 _d83430 |
||